[Event "Ruhrgebiet Bezirkszweite 1718 Aufstieg"]
[Site "Germany"]
[Date "2018.06.24"]
[Round "3.2"]
[White "Barskij, Alexander"]
[Black "Kalkhoff, Thomas"]
[Result "1-0"]
[WhiteElo "1832"]
[BlackElo "1801"]
[PlyCount "109"]
[EventDate "2018.06.10"]
[EventType "team-k.o."]
[EventRounds "3"]
[EventCountry "GER"]
[SourceTitle "EXT 2022"]
[Source "ChessBase"]
[SourceDate "2021.10.06"]
[SourceVersion "1"]
[SourceVersionDate "2021.10.06"]
[SourceQuality "1"]
[WhiteTeam "Unna SV"]
[BlackTeam "Borbeck Weisse Dame II"]
[WhiteTeamCountry "GER"]
[BlackTeamCountry "GER"]

1. e4 Nc6 2. Nf3 f5 3. exf5 d5 4. d4 Bxf5 5. Bb5 Nf6 6. Ne5 Bd7 7. Bxc6 bxc6 8. 0-0 e6 9. Re1 Be7 10. Qe2 0-0 11. Nxc6 Bxc6 12. Qxe6+ Rf7 13. Qxc6 Bd6 14. Bg5 Rb8 15. Nd2 Bxh2+ 16. Kxh2 Ng4+ 17. Kg3 Qxg5 18. Re8+ Rxe8 19. Qxe8+ Rf8 20. Qe6+ Kh8 21. Qxg4 Qxd2 22. f3 Re8 23. Rh1 Qxc2 24. Re1 Qc6 25. Qf5 Qd6+ 26. Kf2 Rf8 27. Qe5 Qd8 28. Qe7 h6 29. Qxd8 Rxd8 30. Re7 Rc8 31. Rd7 c5 32. Ke2 Re8+ 33. Kd3 c4+ 34. Kd2 Rb8 35. Kc3 Rb5 36. Rxa7 Kh7 37. Rc7 Kg6 38. Rc5 Rb7 39. Rxd5 Kf6 40. Rc5 Ra7 41. Kxc4 Rxa2 42. Rb5 Ra1 43. Re5 Rc1+ 44. Kd3 Rd1+ 45. Kc3 Rc1+ 46. Kd2 Rg1 47. Re2 h5 48. d5 Ra1 49. Kc3 g5 50. d6 Rd1 51. Rd2 Rc1+ 52. Kb4 Rc8 53. d7 Rd8 54. Kc5 Ke7 55. Kc6 1-0

[Event "Ruhrgebiet Verbandsklasse Gruppe 3 1617"]
[Site "Germany"]
[Date "2017.03.12"]
[Round "8.4"]
[White "Eckardt, Samuel"]
[Black "Kalkhoff, Thomas"]
[Result "0-1"]
[WhiteElo "1795"]
[BlackElo "1853"]
[PlyCount "126"]
[EventDate "2016.09.04"]
[EventType "team-tourn"]
[EventRounds "9"]
[EventCountry "GER"]
[SourceTitle "EXT 2022"]
[Source "ChessBase"]
[SourceDate "2021.10.06"]
[SourceVersion "1"]
[SourceVersionDate "2021.10.06"]
[SourceQuality "1"]
[WhiteTeam "Horst Emscher II"]
[BlackTeam "Borbeck Weisse Dame II"]
[WhiteTeamCountry "GER"]
[BlackTeamCountry "GER"]

1. d4 d5 2. Nf3 c5 3. c4 e6 4. cxd5 exd5 5. Nc3 Nc6 6. g3 Nf6 7. Bg5 Be7 8. Bg2 0-0 9. 0-0 c4 10. Ne5 Be6 11. b3 Qa5 12. Na4 h6 13. Nxc6 bxc6 14. Bd2 Bb4 15. Bxb4 Qxb4 16. bxc4 Qxc4 17. Nc5 Rab8 18. Qd2 Rb4 19. e3 Rfb8 20. Nd3 R4b6 21. Rfc1 Qa4 22. a3 Qa6 23. Nc5 Qc8 24. Ra2 Bh3 25. Rac2 Bf5 26. Rc3 Rb2 27. Qd1 Ng4 28. f3 Nf2 29. Qe1 Nh3+ 30. Kh1 Nf2+ 31. Kg1 Nh3+ 32. Bxh3 Bxh3 33. Nd3 R2b3 34. Rxc6 Qf5 35. Nf4 g5 36. Nxh3 Qxh3 37. Qe2 Rb2 38. R6c2 Rb1 39. Qa6 Rxc1+ 40. Rxc1 Kg7 41. Qe2 Rb3 42. a4 Qd7 43. a5 Qa4 44. Qd1 Qa3 45. Ra1 Qb2 46. e4 Rxf3 47. Qxf3 Qxd4+ 48. Kg2 Qxa1 49. exd5 Qxa5 50. Qd3 Qd8 51. d6 Qd7 52. Qd4+ f6 53. Qc5 Kf7 54. Qd5+ Kg7 55. Kf3 a5 56. Ke3 a4 57. Kd4 a3 58. Kc5 Qa7+ 59. Kb4 a2 60. d7 a1Q 61. d8Q Qb2+ 62. Kc4 Qc2+ 63. Kb4 Qaa4# 0-1

[Event "Ruhrgebiet Verbandsklasse Gruppe 3 1617"]
[Site "Germany"]
[Date "2017.01.29"]
[Round "6.3"]
[White "Kalkhoff, Thomas"]
[Black "Balke, Heinrich Christian"]
[Result "1/2-1/2"]
[WhiteElo "1853"]
[BlackElo "1811"]
[PlyCount "64"]
[EventDate "2016.09.04"]
[EventType "team-tourn"]
[EventRounds "9"]
[EventCountry "GER"]
[SourceTitle "EXT 2022"]
[Source "ChessBase"]
[SourceDate "2021.10.06"]
[SourceVersion "1"]
[SourceVersionDate "2021.10.06"]
[SourceQuality "1"]
[WhiteTeam "Borbeck Weisse Dame II"]
[BlackTeam "Recklinghausen Laeufer Ost"]
[WhiteTeamCountry "GER"]
[BlackTeamCountry "GER"]

1. e4 d6 2. d4 Nf6 3. Nc3 g6 4. Bc4 Bg7 5. Qe2 c6 6. e5 dxe5 7. dxe5 Nd5 8. Bd2 Be6 9. 0-0-0 Qc7 10. f4 Nxc3 11. Bxc3 Bxc4 12. Qxc4 b5 13. Qe2 0-0 14. h4 a5 15. h5 b4 16. Bd2 b3 17. cxb3 a4 18. hxg6 hxg6 19. b4 a3 20. b3 Na6 21. Nf3 Rab8 22. Qc4 Qb6 23. Nd4 c5 24. bxc5 Nxc5 25. Kb1 Rfc8 26. Rc1 Ne6 27. Qxc8+ Rxc8 28. Rxc8+ Nf8 29. Nc6 Qb7 30. Rc1 Kh7 31. Rh1+ Kg8 32. Rc1 Kh7 1/2-1/2

[Event "Ruhrgebiet Verbandsklasse Gruppe 3 1617"]
[Site "Germany"]
[Date "2016.12.18"]
[Round "5.4"]
[White "Kalkhoff, Thomas"]
[Black "Schwiddessen, Jan"]
[Result "0-1"]
[WhiteElo "1853"]
[BlackElo "1915"]
[PlyCount "68"]
[EventDate "2016.09.04"]
[EventType "team-tourn"]
[EventRounds "9"]
[EventCountry "GER"]
[SourceTitle "EXT 2022"]
[Source "ChessBase"]
[SourceDate "2021.10.06"]
[SourceVersion "1"]
[SourceVersionDate "2021.10.06"]
[SourceQuality "1"]
[WhiteTeam "Borbeck Weisse Dame II"]
[BlackTeam "Brackel SF III"]
[WhiteTeamCountry "GER"]
[BlackTeamCountry "GER"]

1. d4 Nf6 2. Nf3 g6 3. Bg5 Bg7 4. Nbd2 c5 5. c3 d5 6. e3 Bf5 7. Bb5+ Nbd7 8. dxc5 0-0 9. Nd4 Nxc5 10. Nxf5 gxf5 11. Bxf6 Bxf6 12. Qc2 a6 13. Be2 e6 14. g4 fxg4 15. Rg1 Kh8 16. Rxg4 Rg8 17. 0-0-0 Qa5 18. Nb3 Nxb3+ 19. Qxb3 Rxg4 20. Bxg4 b5 21. Bh5 Qc7 22. Kb1 Rg8 23. a4 Rg5 24. Be2 bxa4 25. Qxa4 a5 26. Bd3 Qxh2 27. Bc2 Qb8 28. Rh1 Bxc3 29. b3 Rg7 30. Qc6 Be5 31. Qd7 Qg8 32. Ka2 Rg1 33. Rxg1 Qxg1 34. Qd8+ Kg7 0-1

[Event "Ruhrgebiet Verbandsklasse Gruppe 3 1617"]
[Site "Germany"]
[Date "2016.10.30"]
[Round "3.3"]
[White "Kudelka, Josua"]
[Black "Kalkhoff, Thomas"]
[Result "1/2-1/2"]
[WhiteElo "1878"]
[BlackElo "1853"]
[PlyCount "94"]
[EventDate "2016.09.04"]
[EventType "team-tourn"]
[EventRounds "9"]
[EventCountry "GER"]
[SourceTitle "EXT 2022"]
[Source "ChessBase"]
[SourceDate "2021.10.06"]
[SourceVersion "1"]
[SourceVersionDate "2021.10.06"]
[SourceQuality "1"]
[WhiteTeam "Katernberg SF IV"]
[BlackTeam "Borbeck Weisse Dame II"]
[WhiteTeamCountry "GER"]
[BlackTeamCountry "GER"]

1. Nf3 d5 2. c4 e6 3. g3 Nf6 4. Bg2 c5 5. 0-0 Be7 6. b3 Nc6 7. Bb2 0-0 8. e3 d4 9. exd4 cxd4 10. Re1 Re8 11. d3 Bb4 12. Nfd2 e5 13. a3 Bf8 14. b4 Bg4 15. Qa4 Qd7 16. Ne4 Nxe4 17. dxe4 h5 18. Nd2 h4 19. Qb3 Rad8 20. Qd3 hxg3 21. fxg3 Bh3 22. Rf1 Bxg2 23. Kxg2 Re6 24. Rf2 Rh6 25. Raf1 Qh3+ 26. Kg1 a5 27. b5 Ne7 28. c5 Ng6 29. Qf3 f6 30. Rc1 Rc8 31. c6 bxc6 32. bxc6 Rc7 33. Qb3+ Kh7 34. Qb6 Qc8 35. Nb3 a4 36. Na5 Ne7 37. Qb5 f5 38. Qxe5 Nxc6 39. Rxc6 Rcxc6 40. Nxc6 Rxc6 41. Bxd4 fxe4 42. Qxe4+ Kg8 43. Be3 Bxa3 44. Qxa4 Bc5 45. Qc4+ Kh8 46. Bxc5 Rxc5 47. Qf4 Rc1+ 1/2-1/2

[Event "Ruhrgebiet Verbandsklasse Gruppe 3 1617"]
[Site "Germany"]
[Date "2016.09.25"]
[Round "2.4"]
[White "Schulze Bisping, Franz Adolf"]
[Black "Kalkhoff, Thomas"]
[Result "1/2-1/2"]
[WhiteElo "1854"]
[BlackElo "1853"]
[PlyCount "69"]
[EventDate "2016.09.04"]
[EventType "team-tourn"]
[EventRounds "9"]
[EventCountry "GER"]
[SourceTitle "EXT 2022"]
[Source "ChessBase"]
[SourceDate "2021.10.06"]
[SourceVersion "1"]
[SourceVersionDate "2021.10.06"]
[SourceQuality "1"]
[WhiteTeam "Erkenschwick II"]
[BlackTeam "Borbeck Weisse Dame II"]
[WhiteTeamCountry "GER"]
[BlackTeamCountry "GER"]

1. d4 d5 2. c4 e6 3. Nc3 c5 4. cxd5 exd5 5. Nf3 Nc6 6. e3 Nf6 7. Be2 Be7 8. 0-0 0-0 9. b3 Ne4 10. Bb2 Bf6 11. Na4 cxd4 12. Nxd4 Nxd4 13. Bxd4 Be6 14. f3 Bxd4 15. Qxd4 Nf6 16. Rfd1 Qe7 17. Rac1 Rac8 18. b4 Rfe8 19. Bb5 Bd7 20. Bxd7 Qxd7 21. Nc5 Qe7 22. Kf2 h5 23. Nd3 a5 24. a3 axb4 25. Nxb4 h4 26. Rc3 Rxc3 27. Qxc3 Qd6 28. Kg1 Qe6 29. Kf2 Qd6 30. Kg1 Qe6 31. Kf2 Qf5 32. Qd4 Ne4+ 33. Kg1 Nf6 34. Nxd5 Qxd5 35. Qxd5 1/2-1/2

[Event "Ruhrgebiet Verbandsklasse Gruppe 1 1516"]
[Site "Germany"]
[Date "2016.03.20"]
[Round "8.4"]
[White "Kalkhoff, Thomas"]
[Black "Jaeger, Heinz"]
[Result "1/2-1/2"]
[WhiteElo "1848"]
[BlackElo "1950"]
[PlyCount "60"]
[EventDate "2015.09.06"]
[EventType "team-tourn"]
[EventRounds "9"]
[EventCountry "GER"]
[SourceTitle "EXT 2022"]
[Source "ChessBase"]
[SourceDate "2021.10.06"]
[SourceVersion "1"]
[SourceVersionDate "2021.10.06"]
[SourceQuality "1"]
[WhiteTeam "Borbeck Weisse Dame II"]
[BlackTeam "Bottrop SV II"]
[WhiteTeamCountry "GER"]
[BlackTeamCountry "GER"]

1. d4 d5 2. Nf3 Nf6 3. e3 c6 4. c4 e6 5. Nc3 Bd6 6. Bd3 0-0 7. 0-0 Nbd7 8. e4 dxe4 9. Nxe4 Nxe4 10. Bxe4 f5 11. Bc2 e5 12. Bg5 Be7 13. Bxe7 Qxe7 14. dxe5 Nxe5 15. Re1 Nxf3+ 16. Qxf3 Qf6 17. c5 Qxb2 18. Bb3+ Kh8 19. Rad1 Qf6 20. Rd6 Qg5 21. Rd4 h6 22. h4 Qf6 23. Qf4 Rd8 24. Rxd8+ Qxd8 25. Rd1 Qe7 26. Rd6 Kh7 27. Qd4 b6 28. cxb6 axb6 29. h5 Qg5 30. Rg6 Qe7 1/2-1/2

[Event "Ruhrgebiet Verbandsklasse Gruppe 1 1516"]
[Site "Germany"]
[Date "2016.01.24"]
[Round "6.4"]
[White "Kalkhoff, Thomas"]
[Black "Lucke, Thomas"]
[Result "1/2-1/2"]
[WhiteElo "1848"]
[BlackElo "1850"]
[PlyCount "45"]
[EventDate "2015.09.06"]
[EventType "team-tourn"]
[EventRounds "9"]
[EventCountry "GER"]
[SourceTitle "EXT 2022"]
[Source "ChessBase"]
[SourceDate "2021.10.06"]
[SourceVersion "1"]
[SourceVersionDate "2021.10.06"]
[SourceQuality "1"]
[WhiteTeam "Borbeck Weisse Dame II"]
[BlackTeam "Sodingen/Castrop SK III"]
[WhiteTeamCountry "GER"]
[BlackTeamCountry "GER"]

1. d4 d5 2. Nf3 c6 3. e3 Bg4 4. c4 Nf6 5. Nc3 a6 6. h3 Bf5 7. Qb3 Ra7 8. a4 e6 9. Be2 Bd6 10. 0-0 Nbd7 11. cxd5 exd5 12. Bd2 a5 13. Rfd1 0-0 14. Be1 h6 15. Rac1 Re8 16. Bd3 Bxd3 17. Rxd3 Ne4 18. Rdd1 g6 19. Nxe4 Rxe4 20. Nd2 Re8 21. f3 Qb6 22. Bf2 Qxb3 23. Nxb3 1/2-1/2

[Event "Ruhrgebiet Verbandsklasse Gruppe 1 1516"]
[Site "Germany"]
[Date "2015.12.20"]
[Round "5.4"]
[White "Rohovoy, Dimitrij"]
[Black "Kalkhoff, Thomas"]
[Result "1-0"]
[WhiteElo "1890"]
[BlackElo "1848"]
[PlyCount "63"]
[EventDate "2015.09.06"]
[EventType "team-tourn"]
[EventRounds "9"]
[EventCountry "GER"]
[SourceTitle "EXT 2022"]
[Source "ChessBase"]
[SourceDate "2021.10.06"]
[SourceVersion "1"]
[SourceVersionDate "2021.10.06"]
[SourceQuality "1"]
[WhiteTeam "Recklinghausen Altstadt"]
[BlackTeam "Borbeck Weisse Dame II"]
[WhiteTeamCountry "GER"]
[BlackTeamCountry "GER"]

1. d4 d5 2. c4 e5 3. e3 exd4 4. exd4 Nf6 5. Nf3 Bb4+ 6. Nc3 0-0 7. Be3 Re8 8. Qb3 c5 9. 0-0-0 Bxc3 10. bxc3 cxd4 11. Bxd4 Nc6 12. Bxf6 Qxf6 13. cxd5 Qf4+ 14. Rd2 Ne5 15. Nxe5 Rxe5 16. Bd3 Bg4 17. Qb4 Qxb4 18. cxb4 Rc8+ 19. Kb2 Rd8 20. h3 Bh5 21. Bc4 b5 22. Bb3 Kf8 23. f4 Re2 24. Rxe2 Bxe2 25. Re1 Bc4 26. Bxc4 bxc4 27. Rd1 Ke7 28. Kc3 Kd6 29. a4 a5 30. b5 Kc5 31. d6 Rd7 32. f5 1-0

[Event "Ruhrgebiet Verbandsklasse Gruppe 2 1415"]
[Site "Germany"]
[Date "2015.01.18"]
[Round "5"]
[White "Krueger, Sven"]
[Black "Kalkhoff, Thomas"]
[Result "1-0"]
[WhiteElo "1955"]
[BlackElo "1839"]
[PlyCount "89"]
[EventDate "2014.09.21"]
[EventType "team-tourn"]
[EventRounds "9"]
[EventCountry "GER"]
[SourceTitle "EXT 2022"]
[Source "ChessBase"]
[SourceDate "2021.10.06"]
[SourceVersion "1"]
[SourceVersionDate "2021.10.06"]
[SourceQuality "1"]
[WhiteTeam "Brackel SF III"]
[BlackTeam "Borbeck Weisse Dame II"]
[WhiteTeamCountry "GER"]
[BlackTeamCountry "GER"]

1. e4 e5 2. Nf3 Nc6 3. Bc4 Nf6 4. d3 Bc5 5. c3 a6 6. b4 Ba7 7. 0-0 d6 8. Nbd2 0-0 9. Re1 Bg4 10. a4 Qd7 11. Bb2 Ne7 12. Qc2 Ng6 13. d4 Rfe8 14. Ng5 d5 15. exd5 Bf5 16. Qb3 b5 17. axb5 axb5 18. Be2 h6 19. Ngf3 exd4 20. c4 Nf4 21. Bf1 Rxe1 22. Rxe1 bxc4 23. Bxc4 Ng4 24. Bxd4 Bxd4 25. Nxd4 Re8 26. Rxe8+ Qxe8 27. Qd1 Bd7 28. h3 Ne5 29. Bb3 Qe7 30. N2f3 Nxf3+ 31. Qxf3 Qe1+ 32. Kh2 Qe5 33. Nc6 Bxc6 34. dxc6 Nd5+ 35. g3 Nf6 36. Qd3 Qe7 37. b5 Qc5 38. Kg2 h5 39. Qd8+ Kh7 40. Qxc7 Ne4 41. Qf4 f5 42. Be6 Nd6 43. Qg5 g6 44. Qe7+ Kh6 45. Qf8+ 1-0

[Event "Ruhrgebiet Verbandsklasse Gruppe 2 1415"]
[Site "Germany"]
[Date "2014.10.19"]
[Round "2.3"]
[White "Kalkhoff, Thomas"]
[Black "Lucke, Thomas"]
[Result "1-0"]
[WhiteElo "1839"]
[BlackElo "1875"]
[PlyCount "63"]
[EventDate "2014.09.21"]
[EventType "team-tourn"]
[EventRounds "9"]
[EventCountry "GER"]
[SourceTitle "EXT 2022"]
[Source "ChessBase"]
[SourceDate "2021.10.06"]
[SourceVersion "1"]
[SourceVersionDate "2021.10.06"]
[SourceQuality "1"]
[WhiteTeam "Borbeck Weisse Dame II"]
[BlackTeam "Castrop Rauxel II"]
[WhiteTeamCountry "GER"]
[BlackTeamCountry "GER"]

1. d4 d5 2. Nf3 Nf6 3. e3 c6 4. Bd3 Bg4 5. c4 e6 6. Nc3 Nbd7 7. cxd5 exd5 8. 0-0 Be7 9. h3 Bh5 10. g4 Bg6 11. Ne5 Bxd3 12. Qxd3 0-0 13. Bd2 Bd6 14. f4 Nb6 15. Be1 Qc8 16. Bh4 Nfd7 17. Rac1 f6 18. Nf3 Qe8 19. Rce1 Qf7 20. Re2 Rad8 21. Rg2 Kh8 22. g5 Rfe8 23. Ne2 Nc4 24. Bf2 Qe7 25. gxf6 gxf6 26. Ng3 Bb4 27. Nf5 Qe4 28. Nh6 Re7 29. Qb3 a5 30. Nh4 Nd2 31. Qd1 Nxf1 32. Qg4 1-0

[Event "NRW Verbandsklasse Group3 1314"]
[Site "Nordrheinwestfalen"]
[Date "2014.04.06"]
[Round "9"]
[White "Kalkhoff, Thomas"]
[Black "Khess, Igor"]
[Result "1-0"]
[WhiteElo "1868"]
[BlackElo "1831"]
[PlyCount "101"]
[EventDate "2013.09.08"]
[EventType "team-tourn"]
[EventRounds "9"]
[EventCountry "GER"]
[SourceTitle "EXT 2020"]
[Source "ChessBase"]
[SourceDate "2019.10.17"]
[SourceVersion "1"]
[SourceVersionDate "2019.10.17"]
[SourceQuality "1"]
[WhiteTeam "Weisse Dame Borbeck II"]
[BlackTeam "Dortmund FS 98 II"]
[WhiteTeamCountry "GER"]
[BlackTeamCountry "GER"]

1. d4 d5 2. Nf3 Bf5 3. e3 Nf6 4. Bd3 Bxd3 5. cxd3 e6 6. 0-0 Bd6 7. Nc3 c6 8. e4 Bc7 9. Bg5 h6 10. Bh4 g5 11. Bg3 0-0 12. Bxc7 Qxc7 13. e5 Nh7 14. h4 Qe7 15. Nh2 f5 16. hxg5 hxg5 17. f4 g4 18. g3 Nd7 19. Rf2 Rf7 20. Nf1 Nhf8 21. Ne3 Rh7 22. Qe2 Rh3 23. Nf1 Qb4 24. Qe3 c5 25. a3 cxd4 26. axb4 dxe3 27. Re2 Nb6 28. Nb5 a6 29. Nd6 d4 30. Nxb7 Rb8 31. Nc5 Nd5 32. Nxa6 Rb6 33. Ra4 Rh7 34. b5 Rxb5 35. Rxd4 Ra5 36. Nb4 Rb7 37. Nxd5 exd5 38. Nxe3 Rbb5 39. b4 Ra1+ 40. Kf2 Ne6 41. Rxd5 Rxd5 42. Nxd5 Nd4 43. Rb2 Kf7 44. b5 Nf3 45. b6 Rh1 46. Rb4 Rh2+ 47. Ke3 Ne1 48. Kd4 Nc2+ 49. Kc5 Nxb4 50. Nxb4 Rh8 51. b7 1-0

[Event "NRW Verbandsklasse Group3 1314"]
[Site "Nordrheinwestfalen"]
[Date "2013.11.03"]
[Round "3"]
[White "Heuver, Stefan"]
[Black "Kalkhoff, Thomas"]
[Result "1/2-1/2"]
[WhiteElo "1654"]
[BlackElo "1868"]
[PlyCount "80"]
[EventDate "2013.09.08"]
[EventType "team-tourn"]
[EventRounds "9"]
[EventCountry "GER"]
[SourceTitle "EXT 2020"]
[Source "ChessBase"]
[SourceDate "2019.10.17"]
[SourceVersion "1"]
[SourceVersionDate "2019.10.17"]
[SourceQuality "1"]
[WhiteTeam "Erkenschwick II"]
[BlackTeam "Weisse Dame Borbeck II"]
[WhiteTeamCountry "GER"]
[BlackTeamCountry "GER"]

1. d4 d5 2. c4 e6 3. Nc3 c5 4. Nf3 Nc6 5. e3 Nf6 6. Bd3 Be7 7. 0-0 0-0 8. Re1 a6 9. a4 b6 10. Ne5 Bb7 11. Ne2 Nb4 12. Ng3 Nxd3 13. Qxd3 Rc8 14. b3 Ne4 15. f3 Nxg3 16. hxg3 f6 17. Ng4 h5 18. Nh2 Qd6 19. f4 e5 20. dxc5 bxc5 21. Ba3 e4 22. Qe2 d4 23. Red1 d3 24. Qxh5 f5 25. Bb2 Bf6 26. Rab1 Bc6 27. Rd2 Rb8 28. Qd1 Rb7 29. g4 g5 30. gxf5 Bxb2 31. Rbxb2 gxf4 32. Qg4+ Rg7 33. Qxf4 Qxf4 34. exf4 Rxf5 35. Nf1 Rxf4 36. Ne3 Rh7 37. Rf2 Rfh4 38. Rf6 Rh1+ 39. Kf2 Rf7 40. Rxf7 Kxf7 1/2-1/2

[Event "Ruhrgebiet VK1 1112"]
[Site "Nordrheinwestfalen"]
[Date "2012.03.25"]
[Round "8.7"]
[White "Balke, Reiner"]
[Black "Kalkhoff, Thomas"]
[Result "1-0"]
[WhiteElo "1821"]
[BlackElo "1776"]
[PlyCount "37"]
[EventDate "2012.09.18"]
[EventType "team-tourn"]
[EventRounds "9"]
[EventCountry "GER"]
[SourceTitle "EXT 2020"]
[Source "ChessBase"]
[SourceDate "2019.10.17"]
[SourceVersion "1"]
[SourceVersionDate "2019.10.17"]
[SourceQuality "1"]
[WhiteTeam "Castrop Rauxel"]
[BlackTeam "Weisse Dame Borbeck II"]
[WhiteTeamCountry "GER"]
[BlackTeamCountry "GER"]

1. e4 e5 2. Nf3 Nc6 3. Bc4 Nf6 4. d3 Bc5 5. 0-0 d6 6. Be3 Bb6 7. Bxb6 axb6 8. h3 0-0 9. Nc3 Na5 10. Nd2 Nxc4 11. Nxc4 Nd7 12. Ne3 Nc5 13. f4 f5 14. exf5 exf4 15. Rxf4 Ne6 16. fxe6 Rxf4 17. Ned5 Rh4 18. e7 Qe8 19. Qe1 1-0

[Event "Ruhrgebiet VK1 0910"]
[Site "Ruhrgebiet"]
[Date "2010.03.21"]
[Round "8.5"]
[White "Schneider, Markus"]
[Black "Kalkhoff, Thomas"]
[Result "1/2-1/2"]
[WhiteElo "1948"]
[BlackElo "1974"]
[PlyCount "112"]
[EventDate "2009.09.06"]
[EventType "team"]
[EventRounds "9"]
[EventCountry "GER"]
[SourceTitle "EXT 2011"]
[Source "ChessBase"]
[SourceDate "2010.11.26"]
[SourceVersion "1"]
[SourceVersionDate "2010.11.26"]
[SourceQuality "1"]
[WhiteTeam "Mengede SG"]
[BlackTeam "Borbeck Weisse Dame II"]
[WhiteTeamCountry "GER"]
[BlackTeamCountry "GER"]

1. e4 e5 2. Nf3 Nc6 3. Bb5 f5 4. Bxc6 dxc6 5. Nc3 Nf6 6. Qe2 fxe4 7. Nxe4 Nxe4 8. Qxe4 Bd6 9. d4 0-0 10. dxe5 Qe8 11. Be3 Bf5 12. Qd4 Be7 13. Qc4+ Kh8 14. Nd4 Be4 15. a3 Bd5 16. Qe2 Bc5 17. f4 Bxd4 18. Bxd4 Rxf4 19. 0-0-0 Re4 20. Qd3 Rg4 21. Rhg1 b5 22. h3 Rg6 23. g4 Re6 24. g5 Qh5 25. Qf5 Qe2 26. Rgf1 g6 27. Qf2 Qxf2 28. Rxf2 Kg8 29. b3 Be4 30. Rdf1 Bf5 31. h4 a5 32. Re1 b4 33. a4 Rd8 34. Rd2 Rd5 35. Bb2 Rxd2 36. Kxd2 Kf7 37. Rf1 Re8 38. Bd4 Ke6 39. Ke3 Rd8 40. Rd1 Rd5 41. Rd2 Rd7 42. c3 c5 43. Bxc5 bxc3 44. Rxd7 Kxd7 45. Bd4 Bc2 46. Bxc3 Bxb3 47. Bxa5 Bxa4 48. Kd4 c6 49. Bb4 Bb3 50. Kc5 Bd5 51. Bd2 Ke6 52. Bc3 Bf3 53. Bd4 Be4 54. Bc3 Bf3 55. Bd4 Be4 56. Bc3 Bf3 1/2-1/2

[Event "Ruhrgebiet VK1 0910"]
[Site "Ruhrgebiet"]
[Date "2009.12.06"]
[Round "4.5"]
[White "Kalkhoff, Thomas"]
[Black "Mewes, Karsten"]
[Result "0-1"]
[WhiteElo "1974"]
[BlackElo "2063"]
[PlyCount "72"]
[EventDate "2009.09.06"]
[EventType "team"]
[EventRounds "9"]
[EventCountry "GER"]
[SourceTitle "EXT 2011"]
[Source "ChessBase"]
[SourceDate "2010.11.26"]
[SourceVersion "1"]
[SourceVersionDate "2010.11.26"]
[SourceQuality "1"]
[WhiteTeam "Borbeck Weisse Dame II"]
[BlackTeam "Castrop Rauxel II"]
[WhiteTeamCountry "GER"]
[BlackTeamCountry "GER"]

1. e4 e6 2. d4 d5 3. Nd2 Nf6 4. e5 Nfd7 5. Bd3 c5 6. c3 Nc6 7. Ne2 cxd4 8. cxd4 Nb6 9. 0-0 Bd7 10. f4 g6 11. Nf3 Nb4 12. Bb1 Bb5 13. a3 Nc6 14. Kh1 a5 15. Rg1 Bxe2 16. Qxe2 h5 17. Bd3 Be7 18. Be3 Kf8 19. Rac1 a4 20. Ng5 Rg8 21. g4 hxg4 22. Rxg4 Nc4 23. Bxc4 dxc4 24. Qxc4 Bxg5 25. fxg5 Ra5 26. Rgg1 Ne7 27. Bd2 Rd5 28. Bc3 b5 29. Qf1 Nf5 30. Bb4+ Kg7 31. Bc5 Qa8 32. Rg2 Qb7 33. Kg1 Rh8 34. Rc3 Rh4 35. Bd6 Rhxd4 36. Rc7 Qb6 0-1

[Event "Schwarzach op-B"]
[Site "Schwarzach"]
[Date "2009.08.17"]
[Round "3"]
[White "Kalkhoff, Thomas"]
[Black "Garrapa, Gianluigi"]
[Result "1/2-1/2"]
[WhiteElo "1974"]
[BlackElo "2003"]
[PlyCount "83"]
[EventDate "2009.08.15"]
[EventType "swiss"]
[EventRounds "9"]
[EventCountry "AUT"]
[SourceTitle "CBM 132 Extra"]
[Source "ChessBase"]
[SourceDate "2009.11.03"]
[SourceVersion "1"]
[SourceVersionDate "2009.11.03"]
[SourceQuality "1"]

1. e4 e5 2. Nf3 Nc6 3. d4 exd4 4. Bc4 Nf6 5. Ng5 Ne5 6. Qxd4 Nxc4 7. Qxc4 d5 8. exd5 Qxd5 9. Qxd5 Nxd5 10. 0-0 Be7 11. Re1 f6 12. Nf3 Kf7 13. Bd2 Bd6 14. a3 Bd7 15. Nc3 Nxc3 16. Bxc3 Rhe8 17. h3 Rxe1+ 18. Rxe1 Re8 19. Rxe8 Bxe8 20. Nd4 Bd7 21. Kf1 c5 22. Nf3 Bc6 23. b4 cxb4 24. axb4 Bxf3 25. gxf3 Ke6 26. Ke2 Kf5 27. Bd2 Bf4 28. Be3 b6 29. Kd3 Bxe3 30. fxe3 a6 31. Kc4 Ke6 32. Kd4 g5 33. e4 h5 34. c4 Kd6 35. Kc3 Kc6 36. Kb3 Kd6 37. Ka4 Kc6 38. Kb3 Kc7 39. Ka3 Kd7 40. Kb3 Kc6 41. Ka3 Kd6 42. Ka4 1/2-1/2

[Event "Werden op"]
[Site "Essen"]
[Date "2005.06.19"]
[Round "7"]
[White "Kalkhoff, Thomas"]
[Black "Kalkhoff, Andreas"]
[Result "1/2-1/2"]
[WhiteElo "1854"]
[BlackElo "1802"]
[PlyCount "31"]
[EventDate "2005.05.20"]
[EventType "swiss"]
[EventRounds "7"]
[EventCountry "GER"]
[SourceTitle "EXT 2007"]
[Source "ChessBase"]
[SourceDate "2006.11.23"]
[SourceVersion "1"]
[SourceVersionDate "2006.11.23"]
[SourceQuality "1"]

1. d4 Nf6 2. Nf3 d5 3. e3 Bg4 4. c4 e6 5. Nc3 c6 6. h3 Bh5 7. cxd5 exd5 8. g4 Bg6 9. Ne5 Bd6 10. Qb3 Qb6 11. Qxb6 axb6 12. f4 Be4 13. Rg1 Bb4 14. Bd2 Bxc3 15. Bxc3 Nbd7 16. Nxd7 1/2-1/2

[Event "Werden op"]
[Site "Essen"]
[Date "2005.06.10"]
[Round "4"]
[White "Kunisch, Siegfried"]
[Black "Kalkhoff, Thomas"]
[Result "0-1"]
[WhiteElo "2105"]
[BlackElo "1854"]
[PlyCount "56"]
[EventDate "2005.05.20"]
[EventType "swiss"]
[EventRounds "7"]
[EventCountry "GER"]
[SourceTitle "EXT 2007"]
[Source "ChessBase"]
[SourceDate "2006.11.23"]
[SourceVersion "1"]
[SourceVersionDate "2006.11.23"]
[SourceQuality "1"]

1. e4 Nc6 2. Nf3 f5 3. exf5 d5 4. Nh4 e5 5. Qh5+ g6 6. fxg6 Nf6 7. g7+ Nxh5 8. gxh8Q Qxh4 9. Qxh7 Nd4 10. Qg6+ Kd8 11. g3 Qg4 12. Qxg4 Bxg4 13. Be2 Nxe2 14. d3 Nxc1 15. Nd2 Nxd3+ 16. cxd3 Kd7 17. f3 Be6 18. 0-0-0 Bd6 19. Rhe1 c5 20. Re3 Ng7 21. g4 Rh8 22. Re2 Rh3 23. Rde1 Bf7 24. Rxe5 Bxe5 25. Rxe5 Rxh2 26. f4 Ne6 27. Rxd5+ Kc6 28. Rf5 Rh1+ 0-1